| 000 | 01171nam a2200241Ia 4500 | ||
|---|---|---|---|
| 003 | OSt | ||
| 005 | 20230622143547.0 | ||
| 008 | 210210b2006 xxu||||| |||| 00| 0 eng d | ||
| 020 | _a978-0195676938 | ||
| 040 | _cAL | ||
| 041 | _aEnglish | ||
| 082 | _a658.001 DAMM | ||
| 100 |
_aSuma Damodaran _9124532 |
||
| 245 | _aManagerial economics | ||
| 260 |
_aN D _bOxford University Press _c2006 |
||
| 300 | _ax,493 | ||
| 520 | _aManagerial Economics is a comprehensive textbook that is specially designed to meet the needs of students pursuing Masters in Business Administration/Postgraduate Diploma in Management. Users will find this book highly useful for its coverage of managerial decision-making for the firm in relation to the consumer, production, and costs. It would also cover firm behaviour under monopolistic and oligopolistic market conditions and study long-term investment and risk-analysis. These are analysed through statistical and mathematical tools, caselets, tables, and diagrams. | ||
| 650 |
_aBusiness Economics _9124533 |
||
| 690 |
_aManagerial Economics _9124534 |
||
| 700 |
_aDAMODARAN (Suma) _9124535 |
||
| 906 | _a060753 | ||
| 942 |
_2ddc _cBK |
||
| 999 |
_c107970 _d107970 |
||